লোডিং...

International financial management

গ্রন্থ-পঞ্জীর বিবরন
প্রধান লেখক: Jain, P.K
অন্যান্য লেখক: Peyrard Josette, Yadav, Surendra S.
বিন্যাস: Printed Book
ভাষা:English
প্রকাশিত: NewDelhi Macmillan 1998
বিষয়গুলি:
LEADER 00618nam a22001937a 4500
005 20151215124848.0
008 090907t xxu||||| |||| 00| 0 eng d
082 |a 658.159 9  |b JAI 
100 |a Jain, P.K.  |9 686 
245 |a International financial management 
300 |a xii, 334p. 
653 |a Financial management 
700 |a Peyrard Josette  |9 911 
700 |a Yadav, Surendra S.  |9 912 
942 |c BK  |6 _ 
260 |a NewDelhi  |b Macmillan  |c 1998 
020 |a 0333930690 
999 |c 93125  |d 93125 
952 |0 0  |1 0  |2 ddc  |4 0  |6 658159_9JAI  |7 0  |9 116913  |a SMS  |b SMS  |c REF  |d 2009-09-07  |o 658.159 9 JAI  |p SMS019947  |r 2009-09-07  |w 2009-09-07  |y REF